000 00890nam a2200241 a 4500
001 BRCA_1832
005 20190320203552.0
008 980316s1997 mx-a---##b---#000-0#spa-#
020 _a9687972009
040 _aDLC
_cDLC
050 4 _aHD9506.M4
_b.C36 1997
245 1 0 _aCanto en la tierra e imagen ante el tiempo
_bel Distrito Minero de Real del Monte y Pachuca.
260 _a[México]
_bArchivo Histórico y Museo de Minería
_c[1997]
300 _a128 p.
_bil.
_c31 cm.
504 _aBibliografía: p. 127-128
650 1 4 _aMinas y recursos minerales
_xTrabajos Ilustrados
_95693
650 1 4 _aMinas
_xTrabajos Ilustrados
_95694
651 4 _aMineral del Monte (México)
_xTrabajos Ilustrados
_95695
651 4 _aPachuca (México)
_xTrabajos Ilustrados
_95696
651 4 _aMineral del Monte (México)
_xHistoria
_92574
651 4 _aPachuca (México)
_xHistoria
_92575
942 _2lcc
_cB
999 _c1613
_d1613